000 00485nam a2200169Ia 4500
008 230711s9999||||xx |||||||||||||| ||und||
020 _a978-0-521-69623-4
041 _aENG
082 _a4
_bBF-M
100 _aB'Far, Reza
245 0 _aMobile computing principles : Designing and developing mobile applications with UML and XML
250 _a1st Ed.
260 _c2005
_aNew Delhi
_bCambridge University Press
300 _a860p.
650 _aElectronics Engineering
942 _cBK
999 _c6324
_d6324